Gương sáng trời nam (Thiên nam minh giám)
Trình bày về vấn đề văn bản và giái trị của Thiên nam minh giám, Thiên nam minh giám phiên âm-chú giải, nguyên bản chữ Nôm, là một tác phẩm Nôm cổ gồm 938 câu thơ song thất lục bát.
Đã lưu trong:
| Tác giả chính: | |
|---|---|
| Định dạng: | Sách |
| Năm xuất bản: |
H.
Văn học
1994
|
| Chủ đề: | |
| Tags: |
Thêm thẻ
Không có thẻ, Hãy là người đầu tiên gắn thẻ bản ghi này!
|
| LEADER | 01162nam a2200193 4500 | ||
|---|---|---|---|
| 082 | |a 895.9221 |b G561s. | ||
| 100 | |a Hoàng Thị Ngọ | ||
| 245 | |a Gương sáng trời nam (Thiên nam minh giám) |c Hoàng Thị Ngọ phiên âm, chú giải, giới thiệu. | ||
| 260 | |a H. |b Văn học |c 1994 | ||
| 300 | |a 178tr. |c 21cm | ||
| 520 | |a Trình bày về vấn đề văn bản và giái trị của Thiên nam minh giám, Thiên nam minh giám phiên âm-chú giải, nguyên bản chữ Nôm, là một tác phẩm Nôm cổ gồm 938 câu thơ song thất lục bát. | ||
| 653 | |a Văn học cổ đại | ||
| 653 | |a Việt Nam | ||
| 653 | |a Thơ song thất lục bát | ||
| 653 | |a Thơ Nôm | ||
| 942 | |2 ddc |c STK0 | ||
| 999 | |c 622 |d 622 | ||
| 952 | |0 0 |1 0 |2 ddc |4 0 |6 895_922100000000000_G561S |7 1 |8 800 |9 13867 |a qbu |b qbu |c D5 |d 2014-11-20 |g 9000 |o 895.9221 G561s. |p 5518.c1 |r 0000-00-00 |w 2014-11-20 |y STK0 |0 0 |6 895_922100000000000_G561S |0 0 |6 895_922100000000000_G561S | ||
| 952 | |0 0 |1 0 |2 ddc |4 0 |6 895_922100000000000_G561S |7 0 |8 800 |9 13868 |a qbu |b qbu |c D5 |d 2014-11-20 |g 9000 |o 895.9221 G561s. |p 5518.c2 |r 0000-00-00 |w 2014-11-20 |y STK0 |0 0 |6 895_922100000000000_G561S |0 0 |6 895_922100000000000_G561S | ||